00349nam a2200133Ia 45000030006000000080041000060400015000471000027000622450013000892600076001023000006001785460014001840050017001980STCL150530s9999 xx 000 0 und d aSTCLcSTCL aKarunakaran Nair, E.A. aPalangal bState Institute of Language; Thiruvanathapuramc1975aThiruvanathapuram a0 aMalayalam20220125171730.0